| 000 | 00364nam a2200145Ia 4500 | ||
|---|---|---|---|
| 008 | 100415s9999 xx 000 0 und d | ||
| 082 |
_b403 _a598.74 |
||
| 100 | _aChance Edgar | ||
| 245 | _aThe Cuckoo's Secret | ||
| 260 |
_aLONDON _c1922 _bSIDGWICK & JACKSON |
||
| 365 | _b0 | ||
| 630 | _aThe Cuckoo's Secret | ||
| 730 | _aThe Cuckoo's Secret | ||
| 942 | _cBOOK | ||
| 999 |
_c583476 _d583473 |
||